Bản lĩnh Kỷ Hiểu Lam = Kỷ Hiểu Lam, phong lưu tài tử, lưỡng triều quyền thần

সংরক্ষণ করুন:
গ্রন্থ-পঞ্জীর বিবরন
প্রধান লেখক: Lý, Kiến Lương
বিন্যাস: গ্রন্থ
ভাষা:Undetermined
প্রকাশিত: Hà Nội Văn hóa Thông tin 2003
বিষয়গুলি:
ট্যাগগুলো: ট্যাগ যুক্ত করুন
কোনো ট্যাগ নেই, প্রথমজন হিসাবে ট্যাগ করুন!
Thư viện lưu trữ: Trung tâm Học liệu Trường Đại học Cần Thơ
LEADER 00699nam a2200205Ia 4500
001 CTU_60377
008 210402s9999 xx 000 0 und d
020 |b 65000 
082 |a 895.13081 
082 |b L561 
100 |a Lý, Kiến Lương 
245 0 |a Bản lĩnh Kỷ Hiểu Lam = 
245 0 |b Kỷ Hiểu Lam, phong lưu tài tử, lưỡng triều quyền thần 
245 0 |c Lý Kiến Lương; Nguyễn Tôn Nhan biên dịch 
260 |a Hà Nội 
260 |b Văn hóa Thông tin 
260 |c 2003 
650 |a Historical fiction, chinese ( vietnamese ) 
904 |i Minh, Năm 
980 |a Trung tâm Học liệu Trường Đại học Cần Thơ